LEADER 01022nam a2200241 u 4500 001 000000006265 003 CaOOAMICUS 005 20080516100739.0 008 941220s1973 vc u000 u fre u 035 $a10160577 040 $aPUL$bita 100 1 $aLinscott, Mary,$csuora.$0(OLS)http://pul/name/6402 245 10$aEducation et justice. 260 $aCité du Vatican :$bCommission pontificale justice et paix,$c[1973] 300 $a70 p. ;$c21 cm 490 1 $aLa justice dans le monde.$aSynode des évêques ;$v4 650 4$aEducazione.$0(OLS)http://pul/subject/4579 830 3$aLa justice dans le monde.$pSynode des évêques ;$v4.$0(OLS)http://pul/title/9210 850 $aPUL 852 $aPUL$W1$xDP1 Fondo Pastorale$y55$mP11 C 33$j8898$nBK-PRI$b $qFondi$B8898$CPULBib$Z2$F8898 $H $81 941 1 $a1 996 $6245$aEducation et justice$9(OLS)http://pul/title/9232 996 $6260$aCité du Vatican :$bCommission pontificale justice et paix$9(OLS)http://pul/publisher/51207 LEADER 01007nam a2200277 u 4500 001 000000047563 003 CaOOAMICUS 005 20070226114911.0 008 991125s1999 it u000 u ita u 020 $a8814074453 035 $a10836294 040 $aMSA$bita$dPUL 100 1 $aRusso, Pasquale.$0(OLS)http://pul/name/34569 245 10$aManuale di diritto tributario /$cPasquale Russo. 250 $a3. ed. 260 $aMilano :$bGiuffrè,$c1999. 300 $axx, 868 p. ;$c25 cm 504 $aBibliografia in nota. 650 4$aDiritto tributario$zItalia$xManuali, ecc.$0(OLS)http://pul/subject/20045 850 $aPUL 852 $aPUL$W1$xDP2 Cons. Gen., Altre Classi 1$y61$m1378 A 7$j63538$nBK-PRI$b $qStampati$B63538$CPULBib$Z2$F63538 $81 941 1 $a8 961 $aINV: 86224 996 $6020$a8814074453$9(OLS)http://pul/number/59451 996 $6245$aManuale di diritto tributario$9(OLS)http://pul/title/64042 996 $6260$aMilano :$bGiuffrè$9(OLS)http://pul/publisher/48401